MARC-Details
| 000 -Satzkennung |
| Kontrollfeld mit fester Länge |
01937cam a2200529 c 4500 |
| 001 - Kontrollnummer |
| Kontrollfeld |
1645540464 |
| 003 - Kontrollnummer Identifier |
| Kontrollfeld |
DE-627 |
| 005 - Datum und Zeit der letzten Transaktion |
| Kontrollfeld |
20260205092956.0 |
| 007 - Feld mit fester Länge zur physischen Beschreibung - Allgemeine Information |
| Kontrollfeld mit fester Länge |
tu |
| 008 - Feld mit fester Länge zur physischen Beschreibung - Allgemeine Angaben |
| Kontrollfeld mit fester Länge |
890130s1988 xx ||||| 00| ||ger c |
| 015 ## - Nummer der Nationalbibliografie |
| Nummer der Nationalbibliografie |
88,A43,1177 |
| Quelle |
dnb |
| 016 7# - Kontrollnummer der nationalbibliografischen Agentur |
| Datensatzkontrollnummer |
881235601 |
| Quelle |
DE-101 |
| 020 ## - Internationale Standardbuchnummer |
| Internationale Standardbuchnummer |
3325001394 |
| 035 ## - Systemkontrollnummer |
| System-Kontrollnummer |
(DE-627)1645540464 |
| 035 ## - Systemkontrollnummer |
| System-Kontrollnummer |
(DE-576)017088089 |
| 035 ## - Systemkontrollnummer |
| System-Kontrollnummer |
(DE-599)DNB881235601 |
| 035 ## - Systemkontrollnummer |
| System-Kontrollnummer |
(OCoLC)75036320 |
| 035 ## - Systemkontrollnummer |
| System-Kontrollnummer |
(OCoLC)75036320 |
| 040 ## - Katalogisierungsquelle |
| Original-Katalogisierungsstelle |
DE-627 |
| Katalogisierungssprache |
ger |
| Übertragungsstelle |
DE-627 |
| Beschreibungsfestlegungen |
rakwb |
| 041 ## - Sprachcode |
| Sprachcode des Textes/der Tonspur oder des separaten Titels |
ger |
| 044 ## - Ländercode der veröffentlichenden/herstellenden Stelle |
| ISO-Ländercode |
XA-DDDE |
| 084 ## - Andere Notation |
| Notation |
ERD 408 FRA |
| Quelle der Nummer |
sfb |
| 084 ## - Andere Notation |
| Notation |
61 |
| Quelle der Nummer |
sdnb |
| 084 ## - Andere Notation |
| Notation |
9,10 |
| Quelle der Nummer |
ssgn |
| 084 ## - Andere Notation |
| Notation |
RC 15841 |
| Quelle der Nummer |
rvk |
| IDN des Normdatensatzes oder Standardnummer |
(DE-625)rvk/142223:12883 |
| 084 ## - Andere Notation |
| Notation |
LK 28670 |
| Quelle der Nummer |
rvk |
| IDN des Normdatensatzes oder Standardnummer |
(DE-625)rvk/97736: |
| 245 00 - Titel |
| Titel |
Frankfurt (Oder) |
| Verfasserangabe etc. |
Die Fotografien von Heinz Köhler. Der Text von Helga Glöckner-Neubert |
| 250 ## - Ausgabebezeichnung |
| Ausgabebezeichnung |
1. Aufl. |
| 264 #1 - Produktion, Veröffentlichung, Distribution, Herstellung und Urheberrechtsvermerk |
| Herstellungs-, Veröffentlichungs- Vertriebs-, Erzeugungsort |
Leipzig |
| Produzent, Herausgeber, Distributor, Hersteller |
Brockhaus-Verl. |
| Datum der Herstellung, der Veröffentlichung, des Vertriebs oder des Urheberschutzvermerks |
1988 |
| 300 ## - Physische Beschreibung |
| Umfang |
16, [62] S. |
| Andere physische Details |
Ill. |
| 336 ## - Inhaltstyp |
| Inhaltstypterm |
unbewegtes Bild |
| Inhaltstypcode |
sti |
| Quelle |
rdacontent |
| 337 ## - Medientyp |
| Bezeichnung des Medientyps |
ohne Hilfsmittel zu benutzen |
| Medientypcode |
n |
| Quelle |
rdamedia |
| 338 ## - Datenträgertyp |
| Datenträgertypbezeichnung |
Band |
| Datenträgertypcode |
nc |
| Quelle |
rdacarrier |
| 490 0# - Gesamttitelangabe |
| Gesamttitelangabe |
Brockhaus-Souvenir |
| 583 1# - Fußnote zum Bearbeitungsvermerk |
| Bearbeitung |
Archivierung prüfen |
| Zeit/Datum der Bearbeitung |
20200919 |
| Autorisierende Stelle |
DE-640 |
| OPAC-Notiz |
2 |
| Quelle der Ansetzung oder des Terms |
pdager |
| 583 1# - Fußnote zum Bearbeitungsvermerk |
| Bearbeitung |
Archivierung/Langzeitarchivierung gewährleistet |
| Autorisierende Stelle |
SSG |
| Quelle der Ansetzung oder des Terms |
pdager |
| Das Unterfeld gibt die Institution an, auf die sich das Feld bezieht |
DE-16 |
| 583 1# - Fußnote zum Bearbeitungsvermerk |
| Bearbeitung |
Archivierung prüfen |
| Zeit/Datum der Bearbeitung |
20240324 |
| Autorisierende Stelle |
DE-4165 |
| OPAC-Notiz |
1 |
| Quelle der Ansetzung oder des Terms |
pdager |
| 655 #7 - Indexierungsterm - Genre/Form |
| Genre/Form oder fokussierter Term |
Bildband |
| IDN des Normdatensatzes oder Standardnummer |
(DE-588)4145395-5 |
| -- |
(DE-627)104450835 |
| -- |
(DE-576)209741139 |
| Quelle der Ansetzung oder des Terms |
gnd-content |
| 951 ## - EQUIVALENCE OR CROSS-REFERENCE--GEOGRAPHIC NAME/AREA NAME [OBSOLETE] [CAN/MARC only] |
| Geografischer Name |
BO |
| 700 1# - Nebeneintragung - Personenname |
| Feldverknüpfung und Reihenfolge |
1\p |
| Personenname |
Köhler, Heinz |
| Datumsangaben in Verbindung mit einem Namen |
1941- |
| Funktionsbezeichnung |
Ill. |
| IDN des Normdatensatzes oder Standardnummer |
(DE-588)1325981818 |
| -- |
(DE-627)1885706960 |
| Code für Beziehungskennzeichnung |
ill |
| 700 1# - Nebeneintragung - Personenname |
| Feldverknüpfung und Reihenfolge |
2\p |
| Personenname |
Glöckner-Neubert, Helga |
| Datumsangaben in Verbindung mit einem Namen |
1938-2017 |
| Funktionsbezeichnung |
Mitarb. |
| IDN des Normdatensatzes oder Standardnummer |
(DE-588)1019869445 |
| -- |
(DE-627)691042268 |
| -- |
(DE-576)359018629 |
| Code für Beziehungskennzeichnung |
oth |
| 883 ## - Maschinell generierte Metadatenprovenienz |
| Feldverknüpfung und Reihenfolge |
1\p |
| Generierungsprozess |
cgwrk |
| Erstellungsdatum der Kopie |
20250301 |
| Einrichtung, welche die Kopien erstellt hat |
DE-101 |
| URL |
https://d-nb.info/provenance/plan#cgwrk |
| 883 ## - Maschinell generierte Metadatenprovenienz |
| Feldverknüpfung und Reihenfolge |
2\p |
| Generierungsprozess |
cgwrk |
| Erstellungsdatum der Kopie |
20250301 |
| Einrichtung, welche die Kopien erstellt hat |
DE-101 |
| URL |
https://d-nb.info/provenance/plan#cgwrk |
| 936 rv - OCLC/CONSER MISCELLANEOUS DATA (OCLC); PIECE USED FOR CATALOGING (pre-AACR2) (RLIN) |
| OCLC control number(s) of parallel record(s) (OCLC); Piece used for cataloging, PUC (RLIN) |
RC 15841 |
| 936 rv - OCLC/CONSER MISCELLANEOUS DATA (OCLC); PIECE USED FOR CATALOGING (pre-AACR2) (RLIN) |
| OCLC control number(s) of parallel record(s) (OCLC); Piece used for cataloging, PUC (RLIN) |
LK 28670 |
| 942 ## - Zusätzliche Felder (Koha) |
| Klassifikation oder Aufstellungssystematik |
Andere/Generische Klassifikation |
| Koha-Medientyp |
Bücher |